000 00967nam a22002057a 4500
003 NALT
005 20260106111157.0
008 250925b th ||||| |||| 00| 0 tha d
040 _aNALT
245 0 0 _aประมวลกฎหมายที่ดิน พร้อมกฎหมายที่เกี่ยวข้อง /
_cผู้เขียน RUN OF LAW.
_h[electronic resource]
250 _aพิมพ์ครั้งที่ 1.
260 _aกรุงเทพฯ :
_bRun Of Law,
_c2567.
300 _aOnline resource
650 4 _aที่ดิน
_xกฎหมายและระเบียบข้อบังคับ
_935365
710 2 _aกลุ่มวิชาการ Run Of Law.
_965511
856 4 0 _uhttps://ebook.parliament.go.th/ebookall/detail/438261
_zE-Book
942 _cEBK
_2lcc
996 _ajamriang.p
_bCATSTF
_c2025-12-29
999 _c107266
_d107266
998 _j1020
_k นางจำเรียง ระวังสำโรง